01726nam a2200493 i 450000100060000000300080000600500170001400600190003100700150005000800410006502000270010602000180013303500230015103500240017403500250019803500210022304000310024405000220027508000070029708200140030410000190031824500660033726400370040330000410044033600310048133700330051233800430054549000360058850000220062458801280064659001590077460000280093365000150096165000160097665000150099265000150100765000230102265000250104565500270107079700190109783000370111685600620115399900170121524692FlNmELB20241216215748.0m o d | cr cnu||||||||170221s2016 sp o 001 0 spa d a9788446043225 (e-book) z9788446042686 a(MiAaPQ)EBC4794972 a(Au-PeEL)EBL4794972 a(CaPaEBR)ebr11335602 a(OCoLC)992054447 aFINmELBbspaerdacFINmELB 4aHX39.5bH341 2016 a330 a335.42231 aHarvey, David.10aGuía de El Capital de Marx.nlibro segundo /cDavid Harvey. 1aMadrid :bEdiciones Akal,c2016. a1 recurso en línea (381 páginas) atextobtxt2rdacontent/spa acomputadorabc2rdamedia/spa arecurso en líneabcr2rdacarrier/spa1 aCuestiones de antagonismo ;v85 aIncluye índice. aDescripción basada en recurso en línea; Título de la página del título en PDF (e-libro, visto February 21, 2017). aRecurso electronico. Santa Fe, Arg. : e-libro, 2016. Disponible via World Wide Web. El acceso puede ser limitado para las bibliotecas afiliadas a e-libro.10aMarx, Karl,d1818-1883. 0aSocialism. 4aSocialismo. 0aCommunism. 4aComunismo. 0aMarxian economics. 4aEcomonía marxista. 4aLibros electrónicos.2 ae-libro, Corp. 0aCuestiones de antagonismo ;v85.40uhttps://elibro.net/ereader/politecnicointernacional/49802 c24692d24692